| 000 | 00583nam a22001817a 4500 | ||
|---|---|---|---|
| 005 | 20230529054713.0 | ||
| 008 | 221203b |||||||| |||| 00| 0 eng d | ||
| 020 | _a978-971-9654-94-0 | ||
| 082 | _aFil. 641.5 R330 2017 | ||
| 100 |
_aReyes, Ruth J. _eauthor |
||
| 245 |
_aCulinary arts and sciences / _cRuth Estrada Javier-Reyes, Ed. D-H.E.M. |
||
| 260 |
_aManila: _bUnlimited Books Library Services and Publishing, _cc2017. |
||
| 300 |
_aviii, 259p.; _bill. |
||
| 504 | _aIncludes bibliographies | ||
| 541 | _e6820 c.1, 6821 c.2, 6822 c.3 | ||
| 650 | _aCooking | ||
| 650 | _aMenus | ||
| 999 |
_c292 _d292 |
||